1040 1795 1878 1699 1331 1145 1062 1858 1006 1875 1318 1264 1607 1761 1203 1188 1734 1791 1063 1712 1103 1030 1500 1953 1894 1077 1211 1607 1943 1385 1418 1389 1557 1765 1670 1014 1334 1940 1933 1340 1719 1037 1760 1748 1011 1849 1706 1583 1417 1883 1824 1860 1942 1993 1691 1701 1751 1340 1383 1213 1220 1825 1299 1188 1755 1803 1967 1737 1463 1783 1061 1564 1222 1323 1992 1000 1598 1137 1233 1613 1396 1567 1079 1271 1032 1696 1537 1907 1164 1364 1766 1367 1189 1260 1831 1410 1289 1589 1280 BCNSPRNW ULIB Ver.6.0+V

เปลี่ยนเป็นภาษาไทย

Change to English
 แสดงรายละเอียดบรรณานุกรม
  กลับหน้าหลัก

Brief Record : Get Marc (ISO 2709) : E-mail record : QR code < ปิดหน้าต่าง
LEADER : 00000nam 2200000uu 4500
001    13399121836
003     ULIB
008    121211s2550||||th 000 0 tha d
020    ^a9789748825212
060 04 ^aWP870^bน243ห
100 0  ^aนรินทร์ วรวุฒิ
245 10 ^aหมอมะเร็ง "แฉ" เรื่องเต้า /^cนรินทร์ วรวุฒิ ; เอื้อมพร สกุลแก้ว, บรรณาธิการ
250    ^aพิมพ์ครั้งที่ 1
260    ^aกรุงเทพฯ :^bใกล้หมอ,^c2550
300    ^a247 หน้า :^bภาพประกอบ
650  0 ^aBreast^xCancer^xTreatment
700 10 ^aเอื้อมพร สกุลแก้ว,^eบรรณาธิการ
945    ^p269^l0^i14309
995    ^a ทศพร
999    ^aทศพร เกษรทอง
รายการนี้ยังไม่มีแท็ก
คุณยังไม่ได้ล็อกอิน คุณสามารถมีกิจกรรมร่วมกับเว็บไซต์ได้ แต่ต้องล็อกอินก่อน ::
  ล็อกอิน

รายการสื่อสารสนเทศ

ลำดับที่ ประเภท เลขเรียก/บาร์โค้ด สถานที่ สถานะ
- ไม่พบข้อมูล -

รายการใกล้เคียง
    ผู้แต่ง [นรินทร์ วรวุฒิ]

BibComment


ยังไม่เคยถูกคอมเมนท์

คอมเมนท์ทรัพยากรรายการนี้
  คอมเมนท์: หมอมะเร็ง แฉ เรื..


 Copyright 2026. Bcnsprnw @Library